La Quán Trung và Tam Quốc Diễn Nghĩa Tủ sách văn học nhà trường: tác gia - tác phẩm

में बचाया:
ग्रंथसूची विवरण
मुख्य लेखक: Lê, Huy Bắc
अन्य लेखक: Lê, Thời Tân
स्वरूप: पुस्तक
प्रकाशित: Hà Nội Giáo dục 2008
विषय:
टैग : टैग जोड़ें
कोई टैग नहीं, इस रिकॉर्ड को टैग करने वाले पहले व्यक्ति बनें!
Thư viện lưu trữ: Trung tâm Học liệu Lê Vũ Hùng, Trường Đại học Đồng Tháp
LEADER 00899pam a22002658a 4500
001 00037762
005 20171026081025.0
008 170514s2008 ||||||Viesd
041 0 # |a Vie 
082 1 4 |a 895.1  |b L100QU 
100 1 # |a Lê, Huy Bắc 
245 1 0 |a La Quán Trung và Tam Quốc Diễn Nghĩa  |b Tủ sách văn học nhà trường: tác gia - tác phẩm  |c Lê Huy Bắc, Lê Thời Tân 
260 # # |a Hà Nội  |b Giáo dục  |c 2008 
300 # # |a 207tr.  |c 20.3 cm 
653 # # |a Nghiên cứu 
653 # # |a Trung Quốc 
653 # # |a Văn học 
653 # # |a Tác phẩm 
700 1 # |a Lê, Thời Tân 
852 # # |b Kho mượn  |j KM.0022045 
852 # # |b Kho đọc  |j KD.0021423 
852 # # |j KD.0021423  |j KM.0022045 
910 |d 14/05/2017 
980 # # |a Trung tâm Học liệu Lê Vũ Hùng, Trường Đại học Đồng Tháp